501ST-332-ND CLONE NAME - Statistics

General Stats
  • This quiz has been taken 25 times
  • The average score is 8 of 12
Answer Stats
CT Number CLONE NAME % Correct
CT-1409 Echo
100%
CT-5555 Fives
100%
CT-7567 Rex
100%
CT-5597 Jesse
84%
CT-6116 Kix
84%
CT-1119 Appo
79%
CT-9415 Hardcase
63%
CT-0292 Vaughn
63%
Pilot Hawk
53%
CT-5385 Tup
47%
NO CT NUMBER Ridge
32%
NO CT NUMBER Sterling
32%
No matching quizzes found
Score Distribution
Percent of People with Each Score
Percentile by Number Answered
Your Score History
You have not taken this quiz